000
00257nam a2200097Ia 4500
082
_a
STR
245
0
_a
Moeder, waar is jy?
100
_a
STRYDOM, Cecile Pretoria, 1991 Grootdrukuitg
_9
5858
942
_c
BK
008
210817s9999 xx 000 0 und d
999
_c
59661
_d
59660